Determinación del coeficiente de transferencia de calor utilizando un intercambiador de superficie barrida.

Spremljeno u:
Bibliografski detalji
Glavni autor: Rodríguez Barrantes, Patricia
Format: Knjiga
Izdano: San José, Costa Rica 1989
Teme:
Oznake: Dodaj oznaku
Bez oznaka, Budi prvi tko označuje ovaj zapis!

MARC

LEADER 00000nam a2200000Ia 4500
003 004786
005 20221231144337.0
008 140114s1989 cr a m 000 ||s d
040 |c cru CEDI 
090 |a TFG 2238 
100 |a Rodríguez Barrantes, Patricia  |9 13258 
245 |a Determinación del coeficiente de transferencia de calor utilizando un intercambiador de superficie barrida. 
260 |c 1989  |a San José, Costa Rica 
300 |a  v, 100 hojas : ilustraciones ; 28 cm  
500 |a  Proyecto de graduación (licenciatura en ingeniería química)--Universidad de Costa Rica. Facultad de Ingeniería. Escuela de Ingeniería Química 
650 |x TRANSMISION DEL CALOR  |9 13259 
942 |c TFG 
999 |c 20474  |d 20474